00678 2200253 4500001002100000005001700021008004100038035002400079082001100103090001800114100002700132245005800159250001200217260004900229300002500278500002700303500001100330650002100341850001500362980001300377985000600390986001300396999001500409YOGYA-0209000001653620090227022646.0 ind  0010-020900000016536 a571.01 a571.01bBra T aBRADE-BIRKS, S. Graham aTeach yourselfbarchaeologycby S. Graham Brade-Birks a1st. Ed aJondonbThe English Universities Pressc1957 a220 hlmbilusc18 cm aTermasuk Bibliografi : aIndeks aArkeologi, Teori aYOPDYOG(B) a21-10-05 a1 afwhrtrev ab000005730